skbl

Dr Suryya Kumar Bhuyan Library Web-OPAC
ডঃ সূৰ্য্য
কুমাৰ ভূঞা পুথিভঁৰাল ৱেব-অ'পেক

All Research Scholars are advised to clear the annual library fees to continue using Library Resources, Remote Access, Plagiarism Test and Library Clearance.

Cotton University Book Fair 2026

Lalit Kala Ratna : Dr. Sobha Brahma (Record no. 54542)

MARC details
000 -LEADER
fixed length control field 00517nam a2200169Ia 4500
001 - CONTROL NUMBER
control field 54587
008 - FIXED-LENGTH DATA ELEMENTS--GENERAL INFORMATION
fixed length control field 120326n ii |||gr||||Z||||||465
082 ## - DEWEY DECIMAL CLASSIFICATION NUMBER
Classification number 070
245 #0 - TITLE STATEMENT
Title Lalit Kala Ratna : Dr. Sobha Brahma
Statement of responsibility, etc. Padma Pator, Chief Editor
Medium Textual Documents
250 ## - EDITION STATEMENT
Edition statement Ist ed.
260 ## - PUBLICATION, DISTRIBUTION, ETC.
Place of publication, distribution, etc. Guwahati:
Name of publisher, distributor, etc. Dr. Sobha Brahma Adya Shraddha Parichalana Samittee,
Date of publication, distribution, etc. 2012.
300 ## - PHYSICAL DESCRIPTION
Extent 90pg:
Dimensions 23cm.
653 ## - INDEX TERM--UNCONTROLLED
Uncontrolled term Biography- Dr. Sobha Brahma
653 ## - INDEX TERM--UNCONTROLLED
Uncontrolled term Reference section
700 ## - ADDED ENTRY--PERSONAL NAME
Personal name Pator.,
Relator term Padma .
942 ## - ADDED ENTRY ELEMENTS (KOHA)
Source of classification or shelving scheme Dewey Decimal Classification
Koha item type Books
Holdings
Withdrawn status Lost status Damaged status Not for loan Collection Home library Current library Shelving location Date acquired Coded location qualifier Total checkouts Full call number Barcode Date last seen Copy number Price effective from Koha item type
          Dr. Suryya Kumar Bhuyan Library Dr. Suryya Kumar Bhuyan Library   26/03/2012 00000   070 Br 469 La 421/Ass 14/01/2024 1 26/03/2012 Books

Designed and Maintained by Team SKBL
©1901-2026

Powered by Koha